La tierra y la sombra (Registro nro. 11916)

Detalles MARC
000 -CABECERA
Longitud fija campo de control 02434ngm a22003615a 4500
003 - • IDENTIFICADOR DELl NÚMERO DE CONTROL
Identificador del número de control CO-ViMGA
005 - • FECHA Y HORA DE LA ÚLTIMA TRANSACCIÓN
Fecha y hora de la última transacción 20230915224422.0
007 - • CAMPO FIJO DE DESCRIPCIÓN FÍSICA
Campo fijo de descripción física vd cvuuru
008 - • CÓDIGOS DE INFORMACIÓN DE LONGITUD FIJA
Códigos de información de longitud fija 190306s2015 ck g s vlspa d
040 ## - FUENTE DE LA CATALOGACIÓN
Centro catalogador de origen CO-ViMGA
Lengua de catalogación spa
Centro transcriptor CO-ViMGA
041 1# - • CÓDIGO DE LENGUA
Código de lengua del texto/banda sonora o título independiente spa
Código de lengua original eng
-- fre
082 04 - • NÚMERO DE LA CLASIFICACIÓN DECIMAL DEWEY
Número de clasificación (R) 791.43 A12t
Número de edición 21
084 ## - • Clasificación Local Alfanúmerica PNLB
Número de clasificación DVD10969
245 03 - • TITULO PROPIAMENTE DICHO
Título La tierra y la sombra
Medio [videograbaciones] /
Mención de responsabilidad, etc. una película de Cesar Acevedo.
300 ## - • DESCRIPCIÓN FÍSICA
Extensión 1 DVD (ca. 97 min.) :
Otras características físicas sonido, color ;
Dimensiones 12 cm.
500 ## - • NOTA GENERAL
Nota general Dolby Digital 5.1.
500 ## - • NOTA GENERAL
Nota general Zona 4.
505 00 - • NOTA DE CONTENIDO CON FORMATO
Nota de contenido con formato Extras: Detrás de cámaras -- Galeria de fotos -- Trailers.
520 ## - • NOTA DE RESUMEN
Resumen, etc, La tierra y la sombra es un retrato intimo del final de un núcleo familiar: una mujer que se niega a renunciar a la tierra por la que lucho t̤oda su vida; un hijo que no puede abandonar a su madre hasta el punto de poner en riesgo su propia existencia; un padre que debe afrontar sus errores del pasado con el fin de recuperar a los seres que abandono;̤ una valiente esposa que lucha por salvar a los suyos; un niño que crece en medio de la devastación. Partiendo del microcosmos constituido por esta familia, una pequeña casa y un árbol rodeados por un absorbente cultivo de caña de azúcar, la película nos muestra los últimos días de estos personajes que intentan reparar los frágiles lazos que los unen ante su inminente desaparición provocada por el poder avasallador del progreso. De alli s̕e desprende una historia cruel pero densamente poblada de metáforas y alegorías sobre la cultura, la fatalidad del progreso y el olvido, la fragilidad de la memoria y la inevitabilidad de la ruptura familiar y la soledad que esta provoca.
546 ## - • NOTA DEL IDIOMA
Nota de lengua Audio en español con subtitulos en ingles y francés.
586 ## - • NOTA DE PREMIOS
Nota de premios Camřa D'or, Festival de Cannes
586 ## - • NOTA DE PREMIOS
Nota de premios Ganadora de 4 premios en el Festival de Cine de Cannes, 2015
650 #4 - • PUNTO DE ACCESO ADICIONAL DE MATERIA - TÉRMINO DE MATERIA
Término de materia o nombre geográfico como elemento inicial Cine colombiano
Subdivisión de forma Videodiscos digitales.
650 #4 - • PUNTO DE ACCESO ADICIONAL DE MATERIA - TÉRMINO DE MATERIA
Término de materia o nombre geográfico como elemento inicial Familia
Subdivisión de forma Videodiscos digitales.
-- DVD
650 #4 - • PUNTO DE ACCESO ADICIONAL DE MATERIA - TÉRMINO DE MATERIA
Término de materia o nombre geográfico como elemento inicial Mujeres
Subdivisión de forma Videodiscos digitales.
650 #4 - • PUNTO DE ACCESO ADICIONAL DE MATERIA - TÉRMINO DE MATERIA
Término de materia o nombre geográfico como elemento inicial Padres e hijos
Subdivisión de forma Videodiscos digitales.
700 1# - • PUNTO DE ACCESO ADICIONAL - NOMBRE DE PERSONA
Nombre de persona Acevedo, Cesar Augusto,
Fechas asociadas al nombre 1987-,
Término indicativo de función director.
942 ## - ENTRADA DE ELEMENTOS AGREGADOS (KOHA)
Fuente de clasificaión o esquema Dewey Decimal Classification
Koha [por defecto] tipo de item CD
949 ## - TRATAMIENTO DE LA INFORMACIÓN LOCAL (OCLC)
a n
b n
Existencias
Perdido Fuente de clasificación o esquema Estado Físico No para préstamo Forma de adquisición Localización permanente Localización actual Fecha adquisición Coste, precio normal de compra Préstamos totales Signatura completa Código de barras Fecha última consulta Número de copia Fecha del precio de reemplazo Tipo de item de Koha
  Dewey Decimal Classification     Sala General Biblioteca Comunitaria - Villavicencio Biblioteca Comunitaria - Villavicencio 06/12/2019 12160.00   791.43 A12t 32925 06/12/2019 Ej. 2 06/12/2019 CD
  Dewey Decimal Classification     Sala General Segundo Piso Biblioteca Pública Germán Arciniegas - Villavicencio Biblioteca Pública Germán Arciniegas - Villavicencio 06/12/2019 12160.00   791.43 A12t 06.12856 06/12/2019 Ej. 1 06/12/2019 CD









Instituto Departamental de Cultura del Meta - Red Departamental de Bibliotecas Públicas del Meta.